| 000 | 00381nam a22001337a 4500 | ||
|---|---|---|---|
| 005 | 20260210130416.0 | ||
| 008 | 260210b |||||||| |||| 00| 0 eng d | ||
| 020 | _a9788121903325 | ||
| 050 |
_aTA183 _b.K64 |
||
| 100 | _aKohli, D. D | ||
| 245 | _aA Textbook of Estimating and Costing (civil) Quantity surveying | ||
| 650 | _a1. Building Estimate 2. Engineering Estimate | ||
| 942 | _cBK | ||
| 999 |
_c4524 _d4524 |
||